000 00908nam a22002297a 4500
999 _c5441
_d5441
003 AR-CdUCM
008 190312b ||||| |||| 00| 0 spa d
040 _aMUNICIPALIDAD PROVINCIAL DEL CUSCO
_cBIBLIOTECA MUNICIPAL DEL CUSCO
082 _a868.6 /
_bM26
100 _aMarias, Julian
_912094
245 _aEl intelectual y su mundo /
260 _aBuenos Aires :
_bEditorial Atlántida,
_c1956.
300 _a143 páginas ;
_c17 cm.
440 _aColección Oro de cultura general
_916375
500 _aDonacion familia Luis Nieto
505 _aContenido: El intelectual y su mundo -- La república de las letras -- El pensamiento europeo y la unidad de Europa -- La convivencia intelectual como forma de trato -- La Universidad, realidad problemática...
650 _aEnsayos españoles
_9576
650 _aIntelectuales
_93971
650 _aConferencias
_9376
942 _2ddc
_cLIBROS
945 _adavv